Central Library OPAC University of Rajshahi

নবীগৃহ সংবাদ : (Record no. 40331)

MARC details
000 -LEADER
fixed length control field 01489nam a2200289 a 4500
001 - CONTROL NUMBER
control field 40331
003 - CONTROL NUMBER IDENTIFIER
rucl marc code BD-RjUL
005 - DATE AND TIME OF LATEST TRANSACTION
control field 20211209053208.0
008 - FIXED-LENGTH DATA ELEMENTS--GENERAL INFORMATION
fixed length control field 160428s1960 pk ||||| |||| 00| 0dben d
020 ## - INTERNATIONAL STANDARD BOOK NUMBER
Terms of availability : PRs. 3.75
035 ## - SYSTEM CONTROL NUMBER
System control number (BD-RjUL) 40446
040 ## - CATALOGING SOURCE
Original cataloging agency BD-RjUL
Language of cataloging ben
Transcribing agency BD-RjUL
041 ## - LANGUAGE CODE
Language code of text/sound track or separate title ben
082 ## - DEWEY DECIMAL CLASSIFICATION NUMBER
Edition number 23
Classification number 297.64
Author mark and year BAN 1960
100 1# - MAIN ENTRY--PERSONAL NAME
Personal name বরকতুল্লাহ্ , মোহম্মদ
9 (RLIN) 237546
245 10 - TITLE STATEMENT
Title নবীগৃহ সংবাদ :
Remainder of title (হযরৎ রসুল ও বিবি খদিজার জীবন বৃত্তান্ত ও ইসলামের ক্রমবিকাশ) : মক্কা খণ্ড /
Statement of responsibility, etc. মোহম্মদ বরকতুল্লাহ্
246 ## - VARYING FORM OF TITLE
Title proper/short title নবীগৃহ সংবাদ :
Remainder of title মক্কা খণ্ড : (হযরৎ রসুল ও বিবি খদিজার জীবন বৃত্তান্ত ও ইসলামের ক্রমবিকাশ)
250 ## - EDITION STATEMENT
Edition statement ১ম সং
260 ## - PUBLICATION, DISTRIBUTION, ETC. (IMPRINT)
Place of publication, distribution, etc. ঢাকা :
Name of publisher, distributor, etc. গ্রেট ইস্ট লাইব্রেরী,
Date of publication, distribution, etc. ১৯৬০
300 ## - PHYSICAL DESCRIPTION
Pagination [৮], ২৯৫ পৃ. ;
Size ১৯ সেমি.
505 0# - FORMATTED CONTENTS NOTE
Formatted contents note মক্কা খণ্ড --
600 ## - SUBJECT ADDED ENTRY--PERSONAL NAME
Personal name হযরত মুহাম্মদ (সা.)
General subdivision জীবনী
Personal name Hazrat Muhammad (SM)
General subdivision Biography
650 ## - SUBJECT ADDED ENTRY--TOPICAL TERM
Topical term or geographic name as entry element ইসলাম
Form subdivision ইতিহাস
9 (RLIN) 124252
Topical term or geographic name as entry element Islam
Form subdivision History
9 (RLIN) 124253
942 ## - ADDED ENTRY ELEMENTS (KOHA)
Source of classification or shelving scheme Dewey Decimal Classification
Koha item type Books
Holdings
Lost status Source of classification or shelving scheme Damaged status Not for loan Collection code Permanent Location Current Location Shelving location Date acquired Cost, normal purchase price Total Checkouts Full call number Date last seen Copy number Koha item type Source of acquisition
  Dewey Decimal Classification     Non-fiction Central Library, University of Rajshahi Central Library, University of Rajshahi   04/03/1965 3.75   B 297.64 BAN 1960 28/04/2016 C-2 Books  
  Dewey Decimal Classification     Non-fiction Central Library, University of Rajshahi Central Library, University of Rajshahi   04/03/1965 3.12   B 297.64 BAN 1960 21/07/2016 C-3 Books  
  Dewey Decimal Classification     Non-fiction Central Library, University of Rajshahi Central Library, University of Rajshahi   04/03/1965 3.75   B 297.64 BAN 1960 06/08/2016 C-4 Books  
  Dewey Decimal Classification     Non-fiction Central Library, University of Rajshahi Central Library, University of Rajshahi   09/07/1968 3.75   B 297.64 BAN 1960 20/08/2016 C-5 Books nowrj kittabitan, Dhaka
  Dewey Decimal Classification   Not For Loan Non-fiction Central Library, University of Rajshahi Central Library, University of Rajshahi Reading Room 11/07/1968 3.75   B 297.64 BAN 1960 08/12/2016 C-1 Books Dacca, Nowrose Kitabisthan
  Dewey Decimal Classification     Non-fiction Central Library, University of Rajshahi Central Library, University of Rajshahi   05/06/1962 3.75   B 297.64 BAN 1960 14/01/2020 C-6 Books Orient lib.
  Dewey Decimal Classification     Non-fiction Central Library, University of Rajshahi Central Library, University of Rajshahi General Stacks 16/02/1967 3.00   B 297.64 BAN 1960 24/04/2025 C-7 Books Nowroze kitobistan, Dhaka